000 00224nam a2200097Ia 4500
008 170620s9999 xx 000 0 und d
100 _aGUPTA- B. N
245 0 _aADMINISTRATION OF PHYSICAL EDUCATION
260 _balpha
260 _c2008
300 _a252
999 _c28307
_d28307